000 01015nam a2200325Ia 4500
001 23018
003 IT-RoPAU
008 130308s9999 xx 000 0 und d
040 _aIT-RoPAU
040 _cIT-RoPAU
041 _aINGLESE
100 _aMurdock Graham
100 _gCodice Aut. SPICS: 6133
245 _aCapitalism, Communication and Class Relations
245 _bMass Communication And Society
250 _a1a ed.
260 _aLONDON
260 _bArnold Edward
260 _c1983 [1° Ed.:1977 - Ed.Ling.Originale:1977]
300 _a"32 p. (prefazione: no ; testo: 32 [pagine: 12-43])"
500 _aCapitalismo Comunicazione e relazioni di classe Marxismo e Analisi Culturale industrie delle comunicazioni Produzione Culturale Economia e Ideologia
650 _aSOCIOLOGIA DELLA COMUNICAZIONE SOCIALE
650 _eCodice materia Spics: 3806
700 _aGolding Peter
700 _gCodice Aut. SPICS: 8767
942 _cBK
957 _71
999 _c44207
_d44207
999 _bSI
999 _g1